| 000 | 00429pab a2200157 454500 | ||
|---|---|---|---|
| 008 | 180718b2000 xxu||||| |||| 00| 0 eng d | ||
| 100 | _aSun, Haishun | ||
| 245 | _aEconomic growth and regional disparity in China | ||
| 260 | _c2000 | ||
| 300 | _ap.43-66 | ||
| 650 | _aRegional disparities - China | ||
| 650 | _aEconomic growth - China | ||
| 650 | _aEconomic growth | ||
| 773 | _aRegional Development Studies | ||
| 909 | _a45436 | ||
| 999 |
_c45436 _d45436 |
||